书目信息 |
| 题名: |
小学儿童诗教学研究
|
|
| 作者: | 陈静莉 , 赵松元 主编 | |
| 分册: | ||
| 出版信息: | 广州 南方日报出版社 2021.4 |
|
| 页数: | 168页 | |
| 开本: | 24cm | |
| 丛书名: | ||
| 单 册: | ||
| 中图分类: | G623.203 | |
| 科图分类: | ||
| 主题词: | 小学语文课--教学研究 | |
| 电子资源: | ||
| ISBN: | 978-7-5491-2310-0 | |
| 000 | 01113nam0 2200253 45 | |
| 001 | 012001001901 | |
| 005 | 20140821145204.0 | |
| 010 | @a978-7-5491-2310-0@dCNY42.00 | |
| 100 | @a20210727d2021 em y0chiy0110 ea | |
| 101 | 0 | @achi |
| 102 | @aCN@b440000 | |
| 105 | @ay z 000yy | |
| 106 | @ar | |
| 200 | 1 | @a小学儿童诗教学研究@Axiao xue er tong shi jiao xue yan jiu@f陈静莉, 赵松元主编 |
| 210 | @a广州@c南方日报出版社@d2021.4 | |
| 215 | @a168页@d24cm | |
| 300 | @a韩山师范学院创建国家教师教育创新实验区成果 | |
| 330 | @a本书由三部分组成:理论篇、教学实践篇和童诗创作篇。理论篇为教师对诗歌教学的深度与广度做一个剖析。教学实践篇旨在根据学生的身心发育水平合理设计教学环节,选择有效的教学手段、恰当的评价语言,阐述教师在儿童诗教学研究中的所得,提高教师的教学专业技能及诗歌审美能力。童诗创作篇展示学生的儿童诗创作作品,激发学生对儿童诗的学习兴趣和创作热情,让更多的孩子爱上儿童诗。 | |
| 606 | 0 | @a小学语文课@x教学研究 |
| 690 | @aG623.203@v5 | |
| 701 | 0 | @a陈静莉@Achen jing li@4主编 |
| 701 | 0 | @a赵松元@Azhao song yuan@f(1961-)@4主编 |
| 801 | @aCN@bAHXH@c20210922 | |
| 905 | @b1252952-6@dG623.203@e1649@f5 | |
| 小学儿童诗教学研究/陈静莉, 赵松元主编.-广州:南方日报出版社,2021.4 |
| 168页;24cm |
| 韩山师范学院创建国家教师教育创新实验区成果 |
| ISBN 978-7-5491-2310-0:CNY42.00 |
| 本书由三部分组成:理论篇、教学实践篇和童诗创作篇。理论篇为教师对诗歌教学的深度与广度做一个剖析。教学实践篇旨在根据学生的身心发育水平合理设计教学环节,选择有效的教学手段、恰当的评价语言,阐述教师在儿童诗教学研究中的所得,提高教师的教学专业技能及诗歌审美能力。童诗创作篇展示学生的儿童诗创作作品,激发学生对儿童诗的学习兴趣和创作热情,让更多的孩子爱上儿童诗。 |
| ● |
| 相关链接 |
|
|
|
|
正题名:小学儿童诗教学研究
索取号:G623.203/1649
 
预约/预借
| 序号 | 登录号 | 条形码 | 馆藏地/架位号 | 状态 | 备注 |
| 1 | 1252952 | 212529520 | 第一样本阅览室/ [索取号:G623.203/1649] | 在馆 | |
| 2 | 1252953 | 212529539 | 教育系资料室/ [索取号:G623.203/1649] | 在馆 | |
| 3 | 1252954 | 212529548 | 教育系资料室/ [索取号:G623.203/1649] | 在馆 | |
| 4 | 1252955 | 212529557 | 第四借阅区/ [索取号:G623.203/1649] | 在馆 | |
| 5 | 1252956 | 212529566 | 第四借阅区/ [索取号:G623.203/1649] | 在馆 |